| 000 | 00479nam a2200169Ia 4500 | ||
|---|---|---|---|
| 999 |
_c27165 _d27165 |
||
| 003 | OSt | ||
| 005 | 20201204110715.0 | ||
| 008 | 190216s9999||||xx |||||||||||||| ||und|| | ||
| 040 | _coclc | ||
| 082 |
_a894.8123 _bDIV/P |
||
| 100 |
_aDivakaran, P A _97195 |
||
| 245 | 0 |
_aParootty / _cP A Divakaran |
|
| 260 |
_bPoorna Publications, _c1998. _aKozhikode: |
||
| 300 | _a110p | ||
| 650 | _aMalayalam Novel | ||
| 942 |
_cBK _2ddc _h894.8123 _iDIV/P _k894.8123 _mDIV/P |
||